Word Chain - Austria - Statistics

General Stats
  • This quiz has been taken 209 times
  • The average score is 14 of 20
Answer Stats
Hint Answer % Correct
Capital city Vienna
99%
Official language German
98%
Mr. Schwarzenegger Arnold
96%
Austria's southern neighbor Slovenia
92%
Mozart's middle name Amadeus
90%
Franz Ferdinand's noble rank Archduke
83%
Olympic host city Innsbruck
81%
Johann Strauss II waltz:"The Blue _______" Danube
71%
First word in the official name of Austria Republic
70%
Title held by Franz Joseph Emperor
69%
First name of Mr. Klimt Gustav
65%
National flower Edelweiss
63%
Political party of former leader Arthur Seyss-Inquart Nazi
61%
English title of the head of government Chancellor
55%
Austria's second-largest city Graz
55%
Currency prior to Euro Schilling
55%
Scarred F1 champion Lauda
49%
Region shared between Austria and Italy Tyrol
49%
Capital's most famous street Ring
28%
Main city of the state of Carinthia Klagenfurt
24%
No matching quizzes found
Score Distribution
Percent of People with Each Score
Percentile by Number Answered
Your Score History
You have not taken this quiz